000 00496nam a2200181Ia 4500
003 GCL
008 140319s9999 xx 000 0 eng d
040 _aGCL /
_cGCL
082 0 4 _a939.7
_bM A
100 1 _aMCCARTHY, STEPHEN
245 1 0 _aAFRICA : THE CHALLENGE OF TRANS FOR MATION /
_cMCCARTHY, STEPHEN
260 _a[S.N] :
_bI.B. TAURIS & CO LTD ،
_c1994
300 _a247 P P
650 0 4 _aAFRICA
650 0 4 _aAFRICA - POLICY
650 0 4 _aENVIRONMENTAL DEVELOPMENT
942 _2ddc
_cBK
999 _c11294
_d11294